[Event "23. Torneo San Viator"]
[Site "Madrid ESP"]
[Date "2014.10.05"]
[Round "2.16"]
[White "Padin Lazaro, Jose Manuel"]
[Black "Soto Martin, Pablo"]
[Result "0-1"]
[WhiteElo "1922"]
[BlackElo "1781"]
[PlyCount "51"]
[EventDate "2014.09.28"]
[EventType "swiss"]
[EventRounds "9"]
[EventCountry "ESP"]
[SourceTitle "Ajedrez en Madrid"]
[Source "lmi"]
[SourceDate "2014.09.28"]
[SourceVersion "1"]
[SourceVersionDate "2014.12.18"]
[SourceQuality "1"]

1. e4 c5 2. Nf3 e6 3. d4 cxd4 4. Nxd4 a6 5. Nc3 Qc7 6. Bd3 Nf6 7. f4 d6 8. Qf3
Be7 9. Be3 b5 10. O-O-O Bb7 11. g4 Nc6 12. g5 Nd7 13. Nxc6 Qxc6 14. Rhe1 Nc5
15. Bd4 O-O 16. Qh5 b4 17. e5 g6 18. Qh6 Rfc8 19. exd6 Bf8 20. Qh4 bxc3 21. Re3
Nxd3+ 22. Rexd3 cxb2+ 23. Kxb2 Qxc2+ 24. Ka1 Bf3 25. d7 Bxd1 26. Qxh7+ 0-1

[Event "23. Torneo San Viator"]
[Site "Madrid ESP"]
[Date "2014.10.05"]
[Round "2.18"]
[White "Garcia Martin, Esteban"]
[Black "Tevar Sanz, Gonzalo"]
[Result "0-1"]
[WhiteElo "1917"]
[BlackElo "1773"]
[PlyCount "120"]
[EventDate "2014.09.28"]
[EventType "swiss"]
[EventRounds "9"]
[EventCountry "ESP"]
[SourceTitle "Ajedrez en Madrid"]
[Source "lmi"]
[SourceDate "2014.09.28"]
[SourceVersion "1"]
[SourceVersionDate "2014.12.18"]
[SourceQuality "1"]

1. c4 Nf6 2. Nc3 g6 3. g3 Bg7 4. Bg2 O-O 5. e4 d6 6. d3 c5 7. Nge2 Nc6 8. O-O
Ne8 9. h3 Nc7 10. f4 Nd4 11. Rb1 Rb8 12. Bd2 b5 13. cxb5 Ncxb5 14. Nxb5 Rxb5
15. Nc3 Rb8 16. Nd5 Be6 17. Bc3 Bxd5 18. exd5 Qb6 19. Kh2 Rb7 20. Qd2 Rfb8 21.
Bxd4 Bxd4 22. b3 a5 23. f5 Qb4 24. Qe2 Bf6 25. fxg6 hxg6 26. Rf4 Qc3 27. Rbf1
Rb5 28. Be4 a4 29. Qg4 Kg7 30. h4 Rh8 31. bxa4 Rb2+ 32. R1f2 Qd4 33. Qf3 Rhb8
34. Qg2 Qxa4 35. Bxg6 Rxf2 36. Qxf2 Qa3 37. Bh5 Rb2 38. Be2 Qxa2 39. Rg4+ Kf8
40. Re4 Qxd5 41. Kh3 Qxd3 42. Bxd3 Rxf2 43. Ra4 Rf3 44. Bb5 Be5 45. Rg4 f5 46.
Rg6 f4 47. Bc6 Rxg3+ 48. Rxg3 fxg3 49. Kg2 e6 50. Be4 d5 51. Bc2 Kg7 52. h5 Kh6
53. Bd3 Kg5 54. Bh7 Kf6 55. Bg6 Bf4 56. Kf3 Bd6 57. Bc2 Ke5 58. Bg6 c4 59. Bf7
c3 60. Bg6 Bc5 0-1

[Event "23. Torneo San Viator"]
[Site "Madrid ESP"]
[Date "2014.10.05"]
[Round "2.19"]
[White "San Felipe Asis, Raquel"]
[Black "Ruiz Sanchez, Roberto"]
[Result "0-1"]
[WhiteElo "1660"]
[BlackElo "1910"]
[PlyCount "100"]
[EventDate "2014.09.28"]
[EventType "swiss"]
[EventRounds "9"]
[EventCountry "ESP"]
[SourceTitle "Ajedrez en Madrid"]
[Source "lmi"]
[SourceDate "2014.09.28"]
[SourceVersion "1"]
[SourceVersionDate "2014.12.18"]
[SourceQuality "1"]

1. e4 c5 2. Nf3 d6 3. d4 cxd4 4. Nxd4 Nf6 5. Nc3 a6 6. Bg5 e6 7. Bd3 Be7 8. O-O
O-O 9. Qd2 b5 10. a3 Bb7 11. Nf3 Nbd7 12. b4 Rc8 13. Rfe1 Qc7 14. Nd1 Rfe8 15.
Qf4 e5 16. Qg3 Nf8 17. Nh4 Nh5 18. Qg4 Bxg5 19. Qxg5 Nf4 20. Ne3 N8e6 21. Qg4
Kh8 22. Nef5 Qd8 23. Re3 g6 24. Nh6 Qe7 25. Rf3 Qf8 26. Nxf7+ Qxf7 27. g3 Qe7
28. gxf4 Nxf4 29. Kh1 Rc7 30. Rg1 d5 31. Re1 dxe4 32. Bxe4 Bxe4 33. Rxe4 Qd8
34. Rfe3 Qd5 35. Kg1 Rd8 36. Rxe5 Qd1+ 37. Qxd1 Rxd1+ 38. Re1 Rxe1+ 39. Rxe1
Rxc2 40. Ng2 Nh3+ 41. Kh1 Nxf2+ 42. Kg1 Nh3+ 43. Kh1 Rc3 44. Ra1 Kg7 45. Nh4
Nf4 46. a4 Rb3 47. axb5 axb5 48. Ra7+ Kh6 49. Kg1 Rxb4 50. Rb7 Nh3+ 0-1

[Event "23. Torneo San Viator"]
[Site "Madrid ESP"]
[Date "2014.10.05"]
[Round "2.20"]
[White "Garcia Sanjuan, Jose"]
[Black "Yeves Miquel, Enrique"]
[Result "1-0"]
[WhiteElo "1895"]
[BlackElo "1705"]
[PlyCount "131"]
[EventDate "2014.09.28"]
[EventType "swiss"]
[EventRounds "9"]
[EventCountry "ESP"]
[SourceTitle "Ajedrez en Madrid"]
[Source "lmi"]
[SourceDate "2014.09.28"]
[SourceVersion "1"]
[SourceVersionDate "2014.12.18"]
[SourceQuality "1"]

1. b3 b6 2. Bb2 c5 3. e3 Bb7 4. Nf3 e6 5. Na3 Nf6 6. Nc4 Be7 7. Rg1 d6 8. d4
cxd4 9. Nxd4 a6 10. a4 d5 11. Ne5 Qc7 12. Nd3 Qxh2 13. Nf3 Qc7 14. Rh1 Rg8 15.
Rc1 h6 16. Be5 Qd8 17. Nd4 Nbd7 18. Qf3 Nxe5 19. Nxe5 Ba3 20. Rb1 Bb4+ 21. Kd1
Qc7 22. Nd3 Bf8 23. Ne2 Rc8 24. Rb2 d4 25. Qf4 dxe3 26. Qxe3 Nd5 27. Qd2 a5 28.
Rh4 Ba6 29. c4 Nb4 30. Rd4 Nc6 31. Re4 Rd8 32. Qe3 Bc5 33. Qg3 Bd6 34. Qe3 Bc5
35. Qg3 Qe7 36. Rd2 Bd6 37. Qe3 Bb7 38. Qxb6 Rb8 39. Nd4 Qc7 40. Qxc7 Bxc7 41.
Rh4 Bd8 42. Nxc6 Bxc6 43. Rd4 Bf6 44. Rd6 Be4 45. Nc5 Bf5 46. Na6 Rd8 47. c5
Rxd6 48. cxd6 e5 49. Nc7+ Kd8 50. Rd5 Be6 51. Nxe6+ fxe6 52. Rxa5 Kd7 53. Ra6
Rb8 54. Bb5+ Kd8 55. Ra7 e4 56. Rd7+ Kc8 57. Rf7 Be5 58. Bd7+ Kd8 59. Rf8+ Kxd7
60. Rxb8 Bxd6 61. Rb5 Kc6 62. Ke2 Bc5 63. Rxc5+ Kxc5 64. Ke3 Kb4 65. Kxe4 Kxb3
66. a5 1-0

[Event "23. Torneo San Viator"]
[Site "Madrid ESP"]
[Date "2014.10.05"]
[Round "2.22"]
[White "Sanz Varea, Jose M"]
[Black "Gil Calvente, Jose Antonio"]
[Result "1-0"]
[WhiteElo "1886"]
[BlackElo "1689"]
[PlyCount "87"]
[EventDate "2014.09.28"]
[EventType "swiss"]
[EventRounds "9"]
[EventCountry "ESP"]
[SourceTitle "Ajedrez en Madrid"]
[Source "lmi"]
[SourceDate "2014.09.28"]
[SourceVersion "1"]
[SourceVersionDate "2014.12.18"]
[SourceQuality "1"]

1. f4 d5 2. Nf3 Nc6 3. b3 Nf6 4. Bb2 Bf5 5. e3 a6 6. Be2 e6 7. O-O Qd7 8. d3
O-O-O 9. Ne5 Nxe5 10. fxe5 Ne8 11. Nd2 Bc5 12. d4 Be7 13. c4 f6 14. cxd5 fxe5
15. e4 Bg6 16. dxe5 Bb4 17. Bg4 Qe7 18. Bxe6+ Kb8 19. Nc4 Bxe4 20. Rf7 Qg5 21.
Qg4 Qxg4 22. Bxg4 Bxd5 23. Rd1 Bc5+ 24. Kh1 Rf8 25. Rxf8 Bxf8 26. Bf3 c6 27.
Nb6 Nc7 28. Nxd5 cxd5 29. Kg1 Bc5+ 30. Kf1 g6 31. Ke2 h5 32. Bd4 b6 33. b4 Bxd4
34. Rxd4 Ne6 35. Rd2 Rd7 36. Be4 d4 37. g3 h4 38. Bxg6 hxg3 39. hxg3 Rg7 40.
Bf5 Nc7 41. Rxd4 Rxg3 42. Rd8+ Ka7 43. Be4 Rg2+ 44. Bxg2 1-0

[Event "23. Torneo San Viator"]
[Site "Madrid ESP"]
[Date "2014.10.05"]
[Round "2.23"]
[White "Barahona Torrijos, Angel"]
[Black "Soto Martin, Miguel"]
[Result "0-1"]
[WhiteElo "1845"]
[BlackElo "1658"]
[PlyCount "56"]
[EventDate "2014.09.28"]
[EventType "swiss"]
[EventRounds "9"]
[EventCountry "ESP"]
[SourceTitle "Ajedrez en Madrid"]
[Source "lmi"]
[SourceDate "2014.09.28"]
[SourceVersion "1"]
[SourceVersionDate "2014.12.18"]
[SourceQuality "1"]

1. e4 c5 2. a3 e6 3. b4 cxb4 4. axb4 Bxb4 5. Bb2 Nf6 6. e5 Nd5 7. c4 Ne7 8. Bd3
d6 9. Be4 d5 10. cxd5 Nxd5 11. Qg4 O-O 12. Nf3 Be7 13. Bxd5 Qxd5 14. Nc3 Qd3
15. Ne4 Kh8 16. h4 b5 17. Rh3 Qc2 18. Bd4 Bb7 19. Rg3 Qxe4+ 20. Qxe4 Bxe4 21.
Ng5 Bxg5 22. hxg5 Nc6 23. Bc5 Rfc8 24. Rc1 b4 25. Rc4 Bd3 26. Rf4 b3 27. Ba3
Nxe5 28. Bb2 Nc4 0-1

[Event "23. Torneo San Viator"]
[Site "Madrid ESP"]
[Date "2014.10.05"]
[Round "2.24"]
[White "Alonso Pardo, Daniel"]
[Black "Perez Sempere, Alberto"]
[Result "0-1"]
[WhiteElo "1630"]
[BlackElo "1845"]
[PlyCount "80"]
[EventDate "2014.09.28"]
[EventType "swiss"]
[EventRounds "9"]
[EventCountry "ESP"]
[SourceTitle "Ajedrez en Madrid"]
[Source "lmi"]
[SourceDate "2014.09.28"]
[SourceVersion "1"]
[SourceVersionDate "2014.12.18"]
[SourceQuality "1"]

1. e4 c5 2. Nf3 Nc6 3. Nc3 g6 4. d4 cxd4 5. Nxd4 Bg7 6. Be3 Nf6 7. Bc4 O-O 8.
f3 Qb6 9. Qd2 Nxe4 10. Nxe4 Bxd4 11. Bxd4 Qxd4 12. Qxd4 Nxd4 13. Bb3 Nxb3 14.
cxb3 d6 15. Rc1 Rd8 16. O-O Bf5 17. Ng3 Rac8 18. Kf2 Rxc1 19. Rxc1 Rc8 20.
Rxc8+ Bxc8 21. f4 f6 22. Ke3 b6 23. Ne2 e5 24. g3 Kf7 25. Nc3 Bd7 26. b4 Ke6
27. Kd2 Bc6 28. b5 Bb7 29. a4 d5 30. Kd3 d4 31. Ne4 h6 32. b4 Bd5 33. a5 Bxe4+
34. Kxe4 f5+ 35. Kd3 Kd5 36. fxe5 Kxe5 37. h3 g5 38. a6 h5 39. h4 gxh4 40. gxh4
f4 0-1

[Event "23. Torneo San Viator"]
[Site "Madrid ESP"]
[Date "2014.10.05"]
[Round "2.25"]
[White "Linares Leyva, David"]
[Black "Mejias Gonzalez, Pedro"]
[Result "1/2-1/2"]
[WhiteElo "1841"]
[BlackElo "1632"]
[PlyCount "65"]
[EventDate "2014.09.28"]
[EventType "swiss"]
[EventRounds "9"]
[EventCountry "ESP"]
[SourceTitle "Ajedrez en Madrid"]
[Source "lmi"]
[SourceDate "2014.09.28"]
[SourceVersion "1"]
[SourceVersionDate "2014.12.18"]
[SourceQuality "1"]

1. Nf3 d5 2. c4 c6 3. e3 Nf6 4. d4 Bg4 5. Nc3 e6 6. Be2 Be7 7. O-O O-O 8. b3
Nbd7 9. Bb2 Qc7 10. Rc1 Qb8 11. h3 Bh5 12. g4 Bg6 13. Nh4 Nxg4 14. hxg4 Bxh4
15. f4 h6 16. Ba3 Re8 17. Bd3 Bxd3 18. Qxd3 Be7 19. Bxe7 Rxe7 20. Rc2 Nf8 21.
Rg2 Qe8 22. Rf3 f6 23. g5 hxg5 24. fxg5 f5 25. Rh3 g6 26. Ne2 Rh7 27. Rxh7 Nxh7
28. Nf4 Rc8 29. Qc3 Qf7 30. Nd3 Qe7 31. Nf4 Qf7 32. Nd3 Qe7 33. Nf4 1/2-1/2

[Event "23. Torneo San Viator"]
[Site "Madrid ESP"]
[Date "2014.10.05"]
[Round "2.26"]
[White "Rodriguez Bittar, Karim Javier"]
[Black "Corral Sanchez, Jesus"]
[Result "1-0"]
[WhiteElo "1786"]
[BlackElo "1605"]
[PlyCount "53"]
[EventDate "2014.09.28"]
[EventType "swiss"]
[EventRounds "9"]
[EventCountry "ESP"]
[SourceTitle "Ajedrez en Madrid"]
[Source "lmi"]
[SourceDate "2014.09.28"]
[SourceVersion "1"]
[SourceVersionDate "2014.12.18"]
[SourceQuality "1"]

1. e4 c5 2. Nc3 d6 3. g3 Nf6 4. Bg2 Nc6 5. Nge2 e6 6. O-O Be7 7. d3 O-O 8. f4
a6 9. h3 Qc7 10. Be3 b5 11. Qd2 Bb7 12. g4 b4 13. Nd1 d5 14. e5 Nd7 15. c3 a5
16. d4 Ba6 17. f5 Bxe2 18. Qxe2 Qd8 19. Nf2 Bg5 20. Nd3 bxc3 21. bxc3 c4 22.
Nf4 Bxf4 23. Bxf4 Rb8 24. Qd2 Rb7 25. f6 g6 26. Bh6 Re8 27. Bf8 1-0

[Event "23. Torneo San Viator"]
[Site "Madrid ESP"]
[Date "2014.10.05"]
[Round "2.27"]
[White "Perez Perez, Marta"]
[Black "Tevar Becerra, Alvaro"]
[Result "0-1"]
[WhiteElo "1364"]
[BlackElo "1556"]
[PlyCount "100"]
[EventDate "2014.09.28"]
[EventType "swiss"]
[EventRounds "9"]
[EventCountry "ESP"]
[SourceTitle "Ajedrez en Madrid"]
[Source "lmi"]
[SourceDate "2014.09.28"]
[SourceVersion "1"]
[SourceVersionDate "2014.12.18"]
[SourceQuality "1"]

1. e4 e5 2. Nf3 Nc6 3. Bc4 Be7 4. c3 Nf6 5. d3 O-O 6. Bb3 d5 7. Qe2 dxe4 8.
dxe4 Bg4 9. h3 Bh5 10. Nbd2 Nd7 11. O-O Bd6 12. Re1 Nc5 13. Bd1 Qf6 14. Nf1
Bxf3 15. Qxf3 Qg6 16. Ng3 Ne7 17. Bc2 Rad8 18. Be3 b6 19. Rad1 Qe6 20. Bxc5
Bxc5 21. Bb3 Qg6 22. Rxd8 Rxd8 23. Rd1 Rxd1+ 24. Bxd1 Qg5 25. Bb3 Qg6 26. Qd1
h6 27. Qf3 a5 28. Nh5 b5 29. a3 Bb6 30. Ng3 c5 31. Ba2 c4 32. b3 cxb3 33. Bxb3
Kf8 34. Qd3 Qf6 35. Qd2 Ng6 36. Nh5 Qc6 37. Bd5 Qc5 38. Qb2 Ne7 39. Ba2 Nc8 40.
Ng3 Nd6 41. Kf1 Nc4 42. Bxc4 Qxc4+ 43. Kg1 a4 44. Qe2 Qc5 45. Qb2 Ba5 46. Ne2
Qc4 47. f3 Ke7 48. Kf1 Qb3 49. Qc1 Bb6 50. Ke1 Bc5 0-1

[Event "23. Torneo San Viator"]
[Site "Madrid ESP"]
[Date "2014.10.05"]
[Round "2.28"]
[White "Brasa Olmos, Joaquin"]
[Black "Jimenez Perez, Federico"]
[Result "1-0"]
[WhiteElo "1527"]
[BlackElo "1334"]
[PlyCount "93"]
[EventDate "2014.09.28"]
[EventType "swiss"]
[EventRounds "9"]
[EventCountry "ESP"]
[SourceTitle "Ajedrez en Madrid"]
[Source "lmi"]
[SourceDate "2014.09.28"]
[SourceVersion "1"]
[SourceVersionDate "2014.12.18"]
[SourceQuality "1"]

1. e4 c5 2. Nf3 g6 3. c3 Nc6 4. d4 cxd4 5. cxd4 Bg7 6. Be3 d6 7. Bc4 e6 8. Nc3
Nf6 9. Qd2 O-O 10. Bh6 d5 11. Bxg7 Kxg7 12. Bd3 dxe4 13. Nxe4 Nxe4 14. Bxe4 Qb6
15. O-O-O Rd8 16. Qc3 Kg8 17. h4 Nb4 18. Kb1 Nd5 19. Qa3 Bd7 20. h5 Ba4 21. Rd3
Nb4 22. Qxa4 Nxd3 23. Bxd3 e5 24. hxg6 hxg6 25. d5 Rxd5 26. Qh4 Kf8 27. Qh8+
Ke7 28. Qxa8 Rxd3 29. Qh8 Qd6 30. Qxe5+ Qxe5 31. Nxe5 Rd2 32. Ng4 f5 33. Rh7+
Ke6 34. Ne3 Rxf2 35. Rxb7 f4 36. Nc2 Rf1+ 37. Ne1 Kf5 38. Re7 Kg4 39. Kc2 Kg3
40. Kd1 g5 41. Rxa7 Kf2 42. Re7 g4 43. Re2+ Kg1 44. Kd2 Rf2 45. Rxf2 Kxf2 46.
a4 f3 47. gxf3 1-0

[Event "23. Torneo San Viator"]
[Site "Madrid ESP"]
[Date "2014.10.05"]
[Round "2.30"]
[White "Quispe Arteaga, Gabriel"]
[Black "Perez Ordonez, Jose Ramon"]
[Result "1-0"]
[WhiteElo "1777"]
[BlackElo "1513"]
[PlyCount "70"]
[EventDate "2014.09.28"]
[EventType "swiss"]
[EventRounds "9"]
[EventCountry "ESP"]
[SourceTitle "Ajedrez en Madrid"]
[Source "lmi"]
[SourceDate "2014.09.28"]
[SourceVersion "1"]
[SourceVersionDate "2014.12.18"]
[SourceQuality "1"]

1. d4 Nf6 2. c4 c5 3. e3 e6 4. Nc3 cxd4 5. exd4 b6 6. Nf3 Bb7 7. Be2 Be7 8. O-O
Ne4 9. Nxe4 Bxe4 10. d5 d6 11. dxe6 fxe6 12. Qd4 Bc6 13. Qxg7 Bf6 14. Qh6 Qe7
15. Bg5 Rf8 16. Bxf6 Rxf6 17. Qh5+ Kd8 18. Rfd1 e5 19. Qxe5 Re6 20. Qh8+ Kc7
21. Nd4 Rxe2 22. Nxe2 Qxe2 23. Qxh7+ Nd7 24. Qd3 Qe5 25. Re1 Qg5 26. Qg3 Qf6
27. Rad1 Rh8 28. b4 Rh6 29. c5 bxc5 30. bxc5 Nxc5 31. Qe3 Rh7 32. Rd4 Rg7 33.
g3 Nd7 34. Rf4 Qg6 35. Qxa7+ Kc8 1-0

[Event "23. Torneo San Viator"]
[Site "Madrid ESP"]
[Date "2014.10.05"]
[Round "2.31"]
[White "Porris Rebollar, Ivan"]
[Black "Munoz Cebey, Ricardo"]
[Result "1/2-1/2"]
[WhiteElo "1493"]
[BlackElo "1779"]
[PlyCount "47"]
[EventDate "2014.09.28"]
[EventType "swiss"]
[EventRounds "9"]
[EventCountry "ESP"]
[SourceTitle "Ajedrez en Madrid"]
[Source "lmi"]
[SourceDate "2014.09.28"]
[SourceVersion "1"]
[SourceVersionDate "2014.12.18"]
[SourceQuality "1"]

1. d4 Nf6 2. e3 g6 3. Nf3 Bg7 4. Be2 O-O 5. O-O d5 6. b3 c5 7. c4 Nc6 8. Bb2
cxd4 9. exd4 h6 10. Nc3 Be6 11. Rc1 Rc8 12. Re1 Re8 13. Ne5 dxc4 14. Nxc6 Rxc6
15. Bf3 Rc8 16. Bxb7 Rb8 17. Bc6 Bd7 18. Ba4 Bxa4 19. Nxa4 cxb3 20. axb3 Nd5
21. Nc5 e6 22. Qd2 Qd6 23. Ba3 Qf4 24. Qxf4 1/2-1/2

[Event "23. Torneo San Viator"]
[Site "Madrid ESP"]
[Date "2014.10.05"]
[Round "2.32"]
[White "Rodriguez Lucena, Angel"]
[Black "Jimenez Manzano, Emiliano"]
[Result "1-0"]
[WhiteElo "1741"]
[BlackElo "1490"]
[PlyCount "35"]
[EventDate "2014.09.28"]
[EventType "swiss"]
[EventRounds "9"]
[EventCountry "ESP"]
[SourceTitle "Ajedrez en Madrid"]
[Source "lmi"]
[SourceDate "2014.09.28"]
[SourceVersion "1"]
[SourceVersionDate "2014.12.18"]
[SourceQuality "1"]

1. e4 d5 2. exd5 Qxd5 3. Nc3 Qa5 4. d4 Bf5 5. Bc4 Nf6 6. Bd2 c6 7. Ne4 Qd8 8.
Nxf6+ gxf6 9. c3 Nd7 10. Ne2 Bg4 11. f3 Bh5 12. Ng3 Bg6 13. Qe2 a5 14. Ne4 e5
15. O-O Qc7 16. f4 Bxe4 17. Qxe4 b5 18. Bxb5 1-0

[Event "23. Torneo San Viator"]
[Site "Madrid ESP"]
[Date "2014.10.05"]
[Round "2.33"]
[White "San Felipe Gonzalez, Tomas"]
[Black "Hidalgo Prado, David"]
[Result "1-0"]
[WhiteElo "1700"]
[BlackElo "1449"]
[PlyCount "75"]
[EventDate "2014.09.28"]
[EventType "swiss"]
[EventRounds "9"]
[EventCountry "ESP"]
[SourceTitle "Ajedrez en Madrid"]
[Source "lmi"]
[SourceDate "2014.09.28"]
[SourceVersion "1"]
[SourceVersionDate "2014.12.18"]
[SourceQuality "1"]

1. d4 d5 2. c4 e6 3. cxd5 exd5 4. Nc3 Nf6 5. Bg5 Nbd7 6. e3 c6 7. Bd3 Be7 8.
Nf3 O-O 9. Qc2 Re8 10. O-O Nf8 11. Rab1 Ng4 12. Bxe7 Qxe7 13. h3 Nf6 14. Rfc1
h6 15. b4 a6 16. a4 b5 17. axb5 axb5 18. Ne5 Bb7 19. Ne2 Rec8 20. Bf5 Rc7 21.
Nc3 Bc8 22. Bd3 Raa7 23. Qb2 Bd7 24. Rc2 Ne6 25. Rbc1 Be8 26. Na2 Nd8 27. Nc3
Nd7 28. Nxd5 Qd6 29. Nxc7 Nxe5 30. Nxe8 Qe7 31. dxe5 Qxe8 32. Qd4 Rd7 33. Qc3
Rd5 34. Be4 Rxe5 35. Bxc6 Qe6 36. Qd3 Nxc6 37. Rxc6 Qe7 38. Rc8+ 1-0

[Event "23. Torneo San Viator"]
[Site "Madrid ESP"]
[Date "2014.10.05"]
[Round "2.34"]
[White "Martin Rodriguez, Jose Luis"]
[Black "Alonso Penalver, Angel"]
[Result "0-1"]
[WhiteElo "1430"]
[BlackElo "1716"]
[PlyCount "54"]
[EventDate "2014.09.28"]
[EventType "swiss"]
[EventRounds "9"]
[EventCountry "ESP"]
[SourceTitle "Ajedrez en Madrid"]
[Source "lmi"]
[SourceDate "2014.09.28"]
[SourceVersion "1"]
[SourceVersionDate "2014.12.18"]
[SourceQuality "1"]

1. e4 c5 2. Nf3 a6 3. d4 cxd4 4. Nxd4 Nf6 5. Nc3 e5 6. Nb3 d6 7. Bg5 h6 8. Bxf6
Qxf6 9. Nd5 Qd8 10. Qd2 Nd7 11. Be2 Nf6 12. f3 Be6 13. O-O-O Bxd5 14. exd5 Be7
15. g4 Nxg4 16. Qe1 Bg5+ 17. Kb1 Ne3 18. Rd3 Ng2 19. Qf2 Nf4 20. Rdd1 O-O 21.
Bf1 Rc8 22. h4 Bf6 23. h5 Qc7 24. Bh3 Nxh3 25. Rxh3 a5 26. Rd3 Qd7 27. Nxa5
Qxh3 0-1

[Event "23. Torneo San Viator"]
[Site "Madrid ESP"]
[Date "2014.10.05"]
[Round "2.35"]
[White "Del Noval Nemeshazi, Nesztor"]
[Black "Fernandez Santos, Nicolas"]
[Result "1-0"]
[WhiteElo "1686"]
[BlackElo "1430"]
[PlyCount "39"]
[EventDate "2014.09.28"]
[EventType "swiss"]
[EventRounds "9"]
[EventCountry "ESP"]
[SourceTitle "Ajedrez en Madrid"]
[Source "lmi"]
[SourceDate "2014.09.28"]
[SourceVersion "1"]
[SourceVersionDate "2014.12.18"]
[SourceQuality "1"]

1. e4 e5 2. Nf3 Nc6 3. Bc4 Bc5 4. c3 d6 5. d4 exd4 6. cxd4 Bb4+ 7. Bd2 Bxd2+ 8.
Nbxd2 Bg4 9. Qb3 Qe7 10. Qxb7 Rd8 11. Qxc6+ Kf8 12. O-O Nf6 13. Rfe1 h5 14. e5
Bd7 15. Qxc7 d5 16. exf6 Qxf6 17. Bxd5 g5 18. Ne4 Qb6 19. Qxb6 axb6 20. Nexg5
1-0

[Event "23. Torneo San Viator"]
[Site "Madrid ESP"]
[Date "2014.10.05"]
[Round "2.36"]
[White "Blanco Ruiz, Cesar"]
[Black "Santos Burkholz, Mario"]
[Result "1-0"]
[WhiteElo "1657"]
[BlackElo "1426"]
[PlyCount "95"]
[EventDate "2014.09.28"]
[EventType "swiss"]
[EventRounds "9"]
[EventCountry "ESP"]
[SourceTitle "Ajedrez en Madrid"]
[Source "lmi"]
[SourceDate "2014.09.28"]
[SourceVersion "1"]
[SourceVersionDate "2014.12.18"]
[SourceQuality "1"]

1. d4 d5 2. Bg5 Nf6 3. Bxf6 gxf6 4. e3 Bf5 5. Nd2 e6 6. g3 Nc6 7. a3 Be7 8. Bg2
Qd7 9. c4 Na5 10. cxd5 exd5 11. Ne2 Bg4 12. b4 Bxe2 13. Qxe2 Nc6 14. Nb3 a6 15.
O-O h5 16. h4 O-O-O 17. Rfc1 Na7 18. Nc5 Bxc5 19. Rxc5 c6 20. Bxd5 Qe7 21. Bf3
Rhe8 22. d5 Rd6 23. Rac1 Kc7 24. dxc6 Nxc6 25. Bxh5 Kb8 26. b5 Nd4 27. exd4
Qxe2 28. Bxe2 Rxe2 29. bxa6 Rxa6 30. R1c3 Rd2 31. Rc8+ Ka7 32. Rd8 Ra4 33. Kg2
Raxd4 34. Rxd4 Rxd4 35. h5 Rg4 36. Kh3 Rg5 37. Kh4 Rg8 38. Rf3 Kb8 39. Rxf6 Rg7
40. h6 Rh7 41. g4 Kc8 42. Kh5 Kd7 43. g5 Kc7 44. f4 Kd7 45. f5 b5 46. g6 Rh8
47. Rxf7+ Kc6 48. g7 1-0

[Event "23. Torneo San Viator"]
[Site "Madrid ESP"]
[Date "2014.10.05"]
[Round "2.37"]
[White "Mateos Cordero, Francisco"]
[Black "Rodriguez Romero, Martin"]
[Result "1/2-1/2"]
[WhiteElo "1611"]
[BlackElo "1422"]
[PlyCount "120"]
[EventDate "2014.09.28"]
[EventType "swiss"]
[EventRounds "9"]
[EventCountry "ESP"]
[SourceTitle "Ajedrez en Madrid"]
[Source "lmi"]
[SourceDate "2014.09.28"]
[SourceVersion "1"]
[SourceVersionDate "2014.12.18"]
[SourceQuality "1"]

1. d4 Nf6 2. c4 g6 3. Nc3 Bg7 4. Nf3 O-O 5. Bf4 d6 6. h3 Nfd7 7. e3 e5 8. dxe5
dxe5 9. Bg3 Re8 10. Qc2 Nc6 11. Be2 Qe7 12. Nd5 Qd8 13. O-O Nf6 14. Bh4 Qd6 15.
Bxf6 Bxf6 16. Rad1 e4 17. Nh2 h5 18. c5 Qe5 19. f4 exf3 20. Nxf3 Qxb2 21. Qxb2
Bxb2 22. Nxc7 Rxe3 23. Bc4 Rb8 24. Ng5 Bd4 25. Bxf7+ Kh8 26. Kh1 Bf5 27. Bd5
Rg3 28. Nf7+ Kh7 29. Bxc6 bxc6 30. Rxd4 Rb2 31. Rg1 Bxh3 32. Kh2 Rgxg2+ 33.
Rxg2 Bxg2 34. Kg3 Rxa2 35. Ne5 Kh6 36. Rd6 Kg5 37. Nxg6 Be4 38. Ne7 h4+ 39. Kh3
Ra1 40. Ne6+ Kh5 41. Rd2 Rh1+ 42. Rh2 Rxh2+ 43. Kxh2 a5 44. Nd4 Kg4 45. Ndxc6
Kf4 46. Nxa5 Ke5 47. Nb3 Ke6 48. Nc8 Kd7 49. Nb6+ Kc6 50. Nc4 Bc2 51. Nba5+ Kb5
52. Kh3 Be4 53. Kxh4 Ba8 54. Kg5 Bh1 55. Kf6 Bg2 56. Ke7 Ka6 57. Kd6 Kb5 58.
Kc7 Bh1 59. Nb7 Bg2 60. Kd6 Bxb7 1/2-1/2

[Event "23. Torneo San Viator"]
[Site "Madrid ESP"]
[Date "2014.10.05"]
[Round "2.38"]
[White "Aguilera Prada, Alejandro"]
[Black "Sierra Bermejo, Gregorio"]
[Result "0-1"]
[WhiteElo "1417"]
[BlackElo "1654"]
[PlyCount "90"]
[EventDate "2014.09.28"]
[EventType "swiss"]
[EventRounds "9"]
[EventCountry "ESP"]
[SourceTitle "Ajedrez en Madrid"]
[Source "lmi"]
[SourceDate "2014.09.28"]
[SourceVersion "1"]
[SourceVersionDate "2014.12.18"]
[SourceQuality "1"]

1. d4 f5 2. Bg5 Nf6 3. Nf3 e6 4. e3 Be7 5. Bd3 O-O 6. Nbd2 d6 7. O-O b6 8. h3
Bb7 9. Bc4 Qd7 10. Re1 Nc6 11. Nh4 Kh8 12. c3 Nd8 13. Bxf6 Rxf6 14. e4 fxe4 15.
Qg4 d5 16. Bb3 Bd6 17. g3 Qf7 18. Rf1 Bc8 19. Kh2 e5 20. Qe2 exd4 21. cxd4 Rh6
22. Nxe4 Qe6 23. Qg4 Qxg4 24. hxg4 dxe4 25. Kg2 Bxg4 26. Bd5 g5 27. Bxa8 gxh4
28. Bxe4 hxg3 29. Rh1 Rh2+ 30. Rxh2 gxh2 31. Re1 Ne6 32. d5 Ng5 33. f3 Bh5 34.
Rf1 Nxe4 35. fxe4 Bg6 36. Re1 Be5 37. b3 Kg7 38. Kf3 Kf6 39. Kg4 Ke7 40. Kg5
Kd6 41. Kg4 Kc5 42. Kh3 Kd4 43. Rh1 Bxe4 44. Rxh2 Bxh2 45. Kxh2 Kxd5 0-1

[Event "23. Torneo San Viator"]
[Site "Madrid ESP"]
[Date "2014.10.05"]
[Round "2.39"]
[White "Dominguez Afonso, Ayraldo"]
[Black "Fernandez Rodriguez, Alberto"]
[Result "1-0"]
[WhiteElo "1571"]
[BlackElo "1417"]
[PlyCount "79"]
[EventDate "2014.09.28"]
[EventType "swiss"]
[EventRounds "9"]
[EventCountry "ESP"]
[SourceTitle "Ajedrez en Madrid"]
[Source "lmi"]
[SourceDate "2014.09.28"]
[SourceVersion "1"]
[SourceVersionDate "2014.12.18"]
[SourceQuality "1"]

1. e4 d6 2. d4 Nf6 3. Nc3 g6 4. Nf3 Bg7 5. Bf4 O-O 6. Qd2 Nbd7 7. Bc4 c5 8. d5
a6 9. a4 Nb6 10. Be2 Bg4 11. h3 Bd7 12. Bh6 e5 13. Bg5 a5 14. Nb5 Bxb5 15. Bxb5
Nc8 16. Bd3 Qc7 17. b3 Na7 18. O-O Rfb8 19. Rfe1 b5 20. axb5 Nxb5 21. Bxb5 Rxb5
22. Qd3 Rb7 23. Nd2 Rba7 24. Ra4 Nd7 25. Nc4 Nb6 26. Nxb6 Qxb6 27. Bd2 Bf6 28.
Rea1 Bd8 29. Kh1 Qa6 30. c4 Qb6 31. f4 f6 32. fxe5 fxe5 33. Qf3 Rf7 34. Qc3
Rfa7 35. Rf1 Rf7 36. Rb1 Rfa7 37. Bh6 Rb8 38. Rf1 Be7 39. Qf3 Qd8 40. Qf7+ 1-0